000 01409cad a22002055a 4500
001 L157316
008 121016s2012 xxkd f s f000 0 eng d
035 _a(Sirsi) u157316
041 0 _aeng
110 1 _aUnited Kingdom
_bOffice of National Statistics
_92035
245 0 0 _aOutput in the construction industry
_bAugust 2012
_h[electronic resource]
260 _a[S.l.]
_bONS
_c2012
490 0 _aStatistical bulletin
_v12 October 2012
520 _aIn constant (2005) prices, non-seasonally adjusted, the total volume of construction output in August 2012 is estimated to have been 11.6% lower than in August 2011. Comparing the three months from June to August 2012 with the same three months one year ago (constant (2005) prices, non-seasonally adjusted) it shows that the volume of construction output decreased by 11.9%. New work decreased by 15.6% and repair & maintenance decreased by 4.2%. Over the same period, the volume of new public housing work decreased by 20.7%; new private housing decreased by 12.1%; new infrastructure decreased by 18.4%; new public non-housing (excluding infrastructure) decreased by 21.9% and private commercial decreased by 14.4%.
590 _aKA
651 4 _aGreat Britain
_y1707-
690 _aConstruction management
_96230
856 4 0 _uhttps://www.ons.gov.uk/ons/dcp171780_282657.pdf
_zView the statistical bulletin free of charge at www.ons.gov.uk
942 _n0
999 _c114719
_d114719